Quizzes
Events
Quiz Creation
Community
Videos
Private Events
Remove Ads
Sign In
Join for FREE
Feedback
Dark Mode
Quiz Categories
Sports
Geography
Music
Movies
Television
Just For Fun
Miscellaneous
History
Literature
Language
Science
Gaming
Entertainment
Religion
Holiday
For Kids
Quiz Lab
Recent
Popular Today
Quiz Kudos Today
Editor Picks
Curator Picks
Quizzes by...
Day
Popularity
Type
Ratings
Length
Year
Community
Subscriptions
Recent Discussions
Orange Saloon
Badges
Playlists
Quests
Create
Leaderboards
Showdown
Live 5
Trivia Bingo
Activity
Puzzle Library
Sporcle Events
Private Events
Virtual Trivia
Globe League
Become a Host
Pub Owners
SporcleCon
Opinionation
Our Games
Videos
Blog
Mobile Apps
Partnerships
Remove Ads and Go Orange
Feedback
Geography
Country
Landmarks
City
State
Population
World
Capital
Continent
Flags
Europe
Africa
Asia
South America
North America
Oceania
Border
Canada
United Kingdom
Topography
United States
Geography
Country
Landmarks
City
State
Population
World
Capital
Continent
Flags
Europe
Africa
Asia
South America
North America
Oceania
Border
Canada
United Kingdom
Topography
United States
Random Quiz
Search Sporcle
×
Quiz Lab
Quiz Lab
Geography
Country
Type in answers that appear in a list
Type in answers that appear in a list
Classic
Best Score? Go Orange.
Country Quiz Slovenia Stats
Can you name the facts about Slovenia?
By
rush514
10m
26 Questions
578 Plays
578 Plays
578 Plays
Comments
Comments
Give Quiz Kudos
Give Quiz Kudos
-
- Ratings
hide this ad
Replay
Link that replays current quiz
Next Quiz
Link to next quiz in quiz playlist
You Got
0%
They Got
Avg Score
49%
Avg Friend Score
Upgrade to see
Score Distribution
Jump to the score distribution portion of the page
Score
0/26
Timer
10:00
0
Plays Today
Hint
Answer
% Correct
Capital City
Ljubljana
86.3%
Flag Color
Red
68.3%
Bordering Country
Croatia
68%
Flag Color
Blue
67.6%
Flag Color
White
67.3%
Official Language
Slovene
66.8%
Currency
Euro
66.4%
Bordering Country
Italy
66.4%
Bordering Country
Austria
64.5%
Bordering Country
Hungary
63.7%
Second Largest City
Maribor
58.3%
Continent
Europe
58%
Official Name
Republic of Slovenia
56.4%
Hint
Answer
% Correct
Flag Color
Yellow
52.6%
Lowest Point
Adriatic Sea
50.3%
Bordering Sea
adriatic
49.7%
Drives on the...
right
47.4%
Highest Point
Triglav
46.7%
Predominant Religion
Catholic
38.6%
Prime Minister
Borut Pahor
33.9%
Currency Until 2007
Tolar
33.4%
Presidential Term Length
5 years
24.4%
President
Danilo Turk
23.2%
Independence Day
25 june
19.2%
Closest in size to which U.S State?
New Jersey
16.8%
2.9%
Quiz Playlist
Details
Report
Send in Message
Add To Playlist
Classic:
Type in answers that appear in a list
Last Updated: Sep 6, 2017
Quiz Scoreboard
CHALLENGE
Sign Up to Join the Scoreboard
Show All
Scores
Hide
Comments
May contain spoilers
Recently Published
TV Characters by Other Roles V
by ghcgh
Television
5m
Decade Duel: World Leaders
by jenniferyan
History
4m
Alphabetical 'K' Countries by Flag Minefield
by ylime102
Geography
3m
More to Explore
Quiz From the Vault
Featured Blog Post
15 Basketball Trivia Facts You Can Be March Mad About
hide this ad
You Might Also Like...
Tags
Country Quiz
Former Yugoslavia
Slovenia
Slovenian
Yugoslavia
Today's Top Quizzes in Geography
Browse Geography
hide this ad
Today's Top Quizzes in Country
Browse Country
Top Contributed Quizzes in Geography
1
Countries of the World - No Outlines Minefield
2
Pick 6: Mountains
3
Least Populated Answer: 'G' Countries
4
Alphabetical 'L' Countries By Flag Minefield
5
Lietuvos savivaldybės (Lithuanian Municipalities)
6
Pick 6: National Parks
7
Pick 6: US States
8
Alphabetical 'M' Countries By Flag Minefield
9
'A' Capitals Crossword
10
Countries of the World: 1800
Explore More
Trending Topics
Harry Potter
NBA
Crossword
Disney
Kpop
Marvel
Anime
The Office
Country
Puzzle
Pokémon
NFL
WWE
Song
Soccer
hide this ad
More By:
rush514
Quiz
Plays
Rating
Category
Featured
Created
Country Quiz Slovenia
578
1.00
Geography
Nov 14, 2010
Go to Creator's Profile
Score Distribution
Quiz Creator Spotlight
rush514
Follow
Send a Message
Quizzes Created
-
Created Quiz Play Count
-
More By This Creator
Popular Quizzes Today
1
Countries of Asia Without Outlines Minefield
2
Find the US States - No Outlines Minefield
3
Pick 6: Fruits
4
The Countries of the World
5
Alphabetical 'K' Countries by Flag Minefield
6
Find the Countries of Europe - No Outlines Minefield
7
US States
8
Find the US States
More Geography Quizzes
Lookout Mountain States
Curator's Pick
Trending Quizzes
Pick 6: Mountains
Pick 6: Harry Potter
Pick 6: Flags
Pick 6: NFL Teams
Pick 6: Movie Franchises
Recently Updated
Adaptations: Name the Title
pecheneg
NWSL Teams
pecheneg
Women's Final Four Teams by Year
bhenderson79
Presidents Quartet II
eogle
Anything But Clue(do)
eogle
Anything But Oceanian Capitals
eogle
Anything But 7
eogle
Anything But Thing
eogle
Word Ladder: February 29
pecheneg
Song Title Questions
pecheneg
Trending Topics
Kpop
Crossword
Marvel
NBA
Disney
Anime
Harry Potter
NFL
WWE
Country
Pokémon
Puzzle
Song
The Office
Soccer
Your Account Isn't Verified!
In order to create a playlist on Sporcle, you need to verify the email address you used during registration. Go to your
Sporcle Settings
to finish the process.
Report this User
Report this user for behavior that violates our
Community Guidelines
.
Details:
Send Report
Go to the Sporcle.com Mobile Site →
Comments